| 000 | 00653nam a22001577a 4500 | ||
|---|---|---|---|
| 003 | OSt | ||
| 005 | 20151007172319.0 | ||
| 008 | 151007b xxu||||| |||| 00| 0 eng d | ||
| 040 | _cRUA | ||
| 082 | _aAVM LA 2008 B081 Or.1 | ||
| 100 |
_92328 _aLA, VICHETH. |
||
| 245 | _aThe observation on the family pig raising of kompong seila district kohkonh province, ការអង្កេតលើការចិញ្ចឹមជ្រូកជាលក្ខណៈគ្រួសារនៅស្រុកកំពង់សីលា ខេត្តកោះកុង | ||
| 260 |
_aPhnom Penh _bRUA _c2008 |
||
| 300 |
_a58p. _bill. _c29cm. |
||
| 942 |
_2ddc _cAVM |
||
| 999 |
_c2194 _d2194 |
||